Dichtbesiedeltste Stadt pro Bundesland - Statistiken

Allgemein
  • Dieses Quiz wurde 139 mal gespielt
  • Das Durchschnittsergebnis liegt bei 6 aus 13
Antwortstatistiken
Bundesland #1 Stadt Wert in EW/km² % Korrekt
Bayern München 4777
97%
Hessen Frankfurt(Main) 3074
96%
Baden-Württemberg Stuttgart 3067
92%
Niedersachsen Hannover 2628
91%
Mecklenburg-Vorpommern Rostock 1153
83%
Sachsen Leipzig 1192
81%
Sachsen-Anhalt Halle(Saale) 1768
57%
Nordrhein-Westphalen Herne 3043
23%
Schleswig Holstein Elmshorn 2340
13%
Saarland Spiesen/Elversberg 1077
7%
Thüringen Hermsdorf 1075
3%
Rheinland-Pfalz Weißenthurm 2295
3%
Brandenburg Glienicke/Nordbahn 2686
2%
Keine übereinstimmenden Quizze gefunden
Verteilung der Resultate
Anzahl Personen mit jedem Resultat
Perzentil nach korrekt beantworteten Fragen
Ihre Resultats-Entwicklung
Sie haben dieses Quiz noch nicht gespielt